Every FIA Formula 3 (F3) Driver Ever - Statistics

General Stats
  • This quiz has been taken 166 times
    87 since last reset
  • The average score is 71 of 167
Answer Stats
Hint Answer % Correct
2022 Oliver Bearman
100%
2026 Kanato Le
93%
2020 Oscar Piastri
93%
2019-2020 Liam Lawson
87%
2025 Rafael Camara
87%
2024 Alex Dunne
80%
2021-2022 Arthur Leclerc
80%
2023-2025 Nikola Tsolov
80%
2024-2025 Noel Leon
80%
2019-2020 Richard Verschoor
80%
2024 Arvid Lindblad
73%
2023-2024 Dino Beganovic
73%
2020-2021 Frederik Vesti
73%
2023 Gabriel Bortoleto
73%
2023-2024 Gabriele Mini
73%
2022 Isack Hadjar
73%
2020-2021 Jack Doohan
73%
2022 Kush Maini
73%
2023 Paul Aron
73%
2022-2023 Pepe Marti
73%
2025-2026 Ugo Ugochukwu
73%
2021-2022 Victor Martins
73%
2019 Yuki Tsunoda
73%
2024 Cian Shields
67%
2020-2021 Dennis Hauger
67%
2019 Felipe Drugovich
67%
2022-2023 Franco Colapinto
67%
2025-2026 Freddie Slater
67%
2024-2026 James Wharton
67%
2024-2025 Laurens Van Hoepen
67%
2023-2024 Leonardo Fornaroli
67%
2023-2024 Luke Browning
67%
2023-2025 Mari Boya
67%
2025 Roman Bilinski
67%
2022/2025-2026 Brad Benavides
60%
2025-2026 Bruno Del Pino
60%
2019-2022 David Schumacher
60%
2019 Jehan Daruvala
60%
2019-2021 Logan Sargeant
60%
2025-2026 Louis Sharp
60%
2019 Marcus Armstrong
60%
2024-2025 Martinius Stenshorne
60%
2026 Matteo De Palo
60%
2024-2026 Noah Stromsted
60%
2022-2024 Oliver Goethe
60%
2024-2025 Tasanapol Inthraphuvasak
60%
2023 Taylor Barnard
60%
2020 Theo Pourchaire
60%
2021 Amaury Cordeel
53%
2021 Ayumu Iwasa
53%
2019 Christian Lundgaard
53%
2019-2020 David Beckmann
53%
2020-2021 Enzo Fittipaldi
53%
2025-2026 Gerrard Xie
53%
2021-2022 Jak Crawford
53%
2021-2022 Juan Manuel Correa
53%
2023-2024 Max Esterson
53%
2023-2025 Nikita Bedrin
53%
2020-2021 Olli Caldwell
53%
2019 Pedro Piquet
53%
2019 Robert Shwartzman
53%
2022-2024 Sebastian Montoya
53%
2024-2025 Tim Tramnitz
53%
2022 Zane Maloney
53%
2025-2026 Brando Badoer
47%
2020-2021 Calan Williams
47%
2024-2025 Charlie Wurz
47%
2025-2026 Christian Ho
47%
2022-2024 Christian Mansell
47%
2020-2021 Clement Novalak
47%
2026 Fionn McLaughlin
47%
2019-2021 Jake Hughes
47%
2026 Jin Nakamura
47%
2023-2025 Joshua Dufek
47%
2019 Juri Vips
47%
2019-2020/2022 Lirim Zendeli
47%
2023/2026 Michael Shin
47%
2026 Patrick Heuzenroeder
47%
2026 Pedro Clerot
47%
2021-2023 Rafael Villagomez
47%
2020-2022 Roman Stanek
47%
2026 Taito Kato
47%
2025-2026 Theophile Nael
47%
2024-2026 Tuukka Taponen
47%
2025-2026 Alessandro Giusti
40%
2019-2020 Bent Viscaal
40%
2021-2023 Caio Collet
40%
2024-2025 Callum Voisin
40%
2026 Enzo Deligny
40%
2025-2026 Jose Garfias
40%
2026 Maciej Gladysz
40%
2024-2025 Matias Zagazeta
40%
2020-2021 Matteo Nannini
40%
2026 Mattia Colnaghi
40%
2025-2026 Nicola Lacorte
40%
2025 Nikita Johnson
40%
2019/2022 Niko Kari
40%
2024-2025 Santiago Ramos
40%
2025-2026 Fernando Barrichello
33%
2025 Ivan Domingues
33%
2026 Nandhavud Bhirombhakdi
33%
2024 Sami Meguetounif
33%
2020/2023-2024 Sophia Florsch
33%
2026 Yevan David
33%
2022-2023 Zak O'Sullivan
33%
2019-2020 Alessio Deledda
27%
2020-2022 Alexander Smolyar
27%
2022 Enzo Trulli
27%
2026 Ernesto Rivera
27%
2019-2020/2022 Federico Malvestiti
27%
2026 Hiyu Yamakoshi
27%
2021-2023 Hunter Yeany
27%
2020 Igor Fraga
27%
2025 Javier Sagrera
27%
2025 Jesse Carrasquedo
27%
2021-2023 Kaylen Frederick
27%
2025 Nicola Marinangeli
27%
2019 Yifei Ye
27%
2019-2020 Andreas Estner
20%
2019 Artem Petrov
20%
2020 Cameron Das
20%
2019 Charles Leong
20%
2022 David Vidales
20%
2019 Fabio Scherer
20%
2021-2022 Filip Ugran
20%
2019 Giorgio Carrara
20%
2022-2023 Gregoire Saucy
20%
2021-2023 Ido Cohen
20%
2024-2025 James Hedley
20%
2021-2023 Jonny Edgar
20%
2019 Keyvan Andres
20%
2021-2022 Oliver Rasmussen
20%
2020-2021 Pierre-Louis Chovet
20%
2023-2024 Piotr Wisnicki
20%
2019 Raoul Hyman
20%
2019 Simo Laaksonen
20%
2021 Tijmen Van Der Helm
20%
2023-2024 Tommy Smith
20%
2022 William Alatalo
20%
2021-2022 Zdenek Chovanec
20%
2023 Alejandro Garcia
13%
2020 Ben Barnicoat
13%
2020 Enaam Ahmed
13%
2022 Francesco Pizzi
13%
2023 Hugh Barter
13%
2021 Johnathan Hoggard
13%
2024 Joseph Loake
13%
2024 Kacper Sztuka
13%
2021-2022 Laszlo Toth
13%
2019-2020 Leonardo Pulcini
13%
2021 Lorenzo Colombo
13%
2020 Lukas Dunner
13%
2019-2020 Max Fewtrell
13%
2020 Michael Belov
13%
2022 Nazim Azman
13%
2022 Reece Ushijima
13%
2023 Roberto Faria
13%
2019-2020 Sebastian Fernandez
13%
2022 Alessandro Famularo
7%
2019-2020 Alex Peroni
7%
2021-2022 Ayrton Simmons
7%
2019 Devlin DeFrancesco
7%
2023 Francesco Simonazzi
7%
2023 McKenzy Cresswell
7%
2023 Oliver Gray
7%
2021 Reshad De Gerus
7%
2019 Teppei Natori
7%
No matching quizzes found
Score Distribution
Percent of People with Each Score
Percentile by Number Answered
Your Score History
You have not taken this quiz since the last reset